zpět

Detail výsledku týmu

Pizza-Doma ST, Plzeň

Datum a čas kvízu

21 Celkem bodů Celkový počet nahraných bodů na tomto kvízu bez doplňovacích otázek.
3. Pořadí na kvízu Konečné umístění týmu na tomto kvízu.

Zaznamenané odpovědi

# Otázka Odpověď Body Výsledky
1. Které konkrétní neočekávané zb... kokain 1
2. Která země letos pořádala svět... Jižní Korea 0
3. Ve čtvrtek mělo v českých kine... Gran Turismo, Orlando Bloom 0.5
4. Jak se nazývá každoroční meteo... Perseidy 1
5. Tuzemský fotbalový pohár minul... z Prostějova 0
6. Tentokrát se podíváme na různá... 1B 2C 3D 4A 0
7. Doplňte město do názvu dobrodr... York, Daniel Defoe 0
8. Několik románů amerického spi... Brazílie, Stepford 0
9. Poslední dvě otázky tohoto tém... Paul Gauguin, Tahiťanky 0
10. Napište jméno autora této uměl... David Černý 1